[Event "inAUTOmarket Open"]
[Site "Minsk BLR"]
[Date "2005.07.10"]
[Round "1"]
[White "Shpagin,V"]
[Black "Gagarin,V"]
[Result "0-1"]
[WhiteElo "2160"]
[BlackElo "2424"]

1.d4 Nf6 2.Bg5 c5 3.Nc3 cxd4 4.Qxd4 Nc6 5.Qh4 b5 6.O-O-O b4 7.Bxf6 gxf6 8.Nd5 Qa5
9.Kb1 Bb7 10.e4 Rc8 11.f4 Qc5 12.Bd3 Rg8 13.Nf3 Rxg2 14.Qxh7 Na5 15.Nd2 Ba6
16.Qh3 Rf2 17.Rhf1 Bxd3 18.Qxd3 Rxh2 19.Rc1 Nc4 20.Nb3 Qd6 21.Qg3 Rh8 22.Rcd1 Qe6
23.Rfe1 a5 24.Nd4 Qh3 25.Qxh3 Rxh3 26.e5 fxe5 27.fxe5 Rh5 28.Nf3 Rf5 29.Rd3 Rxf3  0-1

[Event "Canadian Open"]
[Site "Edmonton CAN"]
[Date "2005.07.11"]
[Round "3"]
[White "Huber,Gr"]
[Black "Ganguly,S"]
[Result "0-1"]
[WhiteElo "2199"]
[BlackElo "2596"]

1.d4 Nf6 2.Bg5 d5 3.Bxf6 exf6 4.g3 c6 5.Bg2 Qb6 6.b3 a5 7.a3 Be7 8.e3 Na6
9.Ne2 h5 10.Nd2 Nc7 11.c4 a4 12.c5 Qa6 13.Nf4 axb3 14.Qxb3 h4 15.f3 Qa5 16.g4 h3
17.Bf1 f5 18.gxf5 Bxf5 19.Bd3 Bh4+ 20.Ke2 Bc8 21.Bc2 Nb5 22.Nb1 Bg5 23.Nd3 f6
24.Rg1 Rh4 25.Qb4 Bxe3 26.Qxa5 Nxd4+ 27.Kxe3 Nxc2+ 28.Kd2 Rxa5 29.Kxc2 Bf5
30.Re1+ Kf7 31.Kd2 Rd4 32.Re3 Rxc5 33.Nc3 Ra5 34.Ne2 Rc4 35.Ne1 Rb5 36.Ng3 Bg6
37.Nd3 Bxd3 38.Rxd3 Rb2+ 39.Ke3 Rxh2 40.Rb1 b5 41.Nf5 Kg6 42.Nd4 Rg2 43.Rh1 h2
44.f4 c5 45.Nxb5 Rcc2 46.Rxd5 Rg3+  0-1

[Event "2nd S Wales Int"]
[Site "Caerleon WLS"]
[Date "2005.07.12"]
[Round "5"]
[White "Collier,D"]
[Black "Truman,R"]
[Result "1-0"]
[WhiteElo "2122"]
[BlackElo "2016"]

1.d4 Nf6 2.Bg5 c5 3.Bxf6 gxf6 4.e3 Qb6 5.b3 cxd4 6.Qxd4 Qxd4 7.exd4 Nc6 8.c3 d5
9.Bd3 e5 10.Ne2 Bg4 11.f3 Bh5 12.Nd2 Bg6 13.Bxg6 fxg6 14.O-O-O Bh6 15.Kb2 Kf7
16.dxe5 fxe5 17.f4 Rhe8 18.fxe5 Rxe5 19.Ng3 Re3 20.Rhf1+ Kg8 21.Nf3 Bg7 22.Rxd5 Rxc3
23.Kb1 Nb4 24.Rd2 Rac8 25.Nd4 Bh6 26.Rdd1 Nc2 27.Ne4 R3c7 28.Nf6+ Kh8 29.Nxc2 Rxc2
30.Rd7 Bg7 31.g4 Bxf6 32.Rxf6 Rxh2 33.Rxb7 Re8 34.Rf1 Ra8 35.Rc1 h5 36.gxh5 gxh5
37.Rcc7 h4 38.Rh7+ Kg8 39.Rbg7+ Kf8 40.Rc7 Kg8 41.Rcg7+ Kf8 42.Rxa7 Rxa7
43.Rxa7 h3 44.Rh7 Kg8 45.Rh4 Kg7 46.a4 Kg6 47.a5 Kg5 48.Rh7  1-0

[Event "16th Open"]
[Site "Ljubljana SLO"]
[Date "2005.07.12"]
[Round "6"]
[White "Nedimovic,L"]
[Black "Groszpeter,A"]
[Result "1/2-1/2"]
[WhiteElo "2217"]
[BlackElo "2525"]

1.d4 Nf6 2.Bg5 c5 3.Bxf6 gxf6 4.d5 Qb6 5.Qc1 Bh6 6.e3 f5 7.c4 f4 8.exf4 Bxf4
9.Qxf4 Qxb2 10.Ne2 Qxa1 11.Nc3 Qb2 12.d6 Nc6 13.Bd3 Kd8 14.O-O Re8 15.Re1 b6
16.Re2  1/2-1/2

[Event "2nd S Wales Int"]
[Site "Caerleon WLS"]
[Date "2005.07.13"]
[Round "7"]
[White "Collier,D"]
[Black "Waterfield,J"]
[Result "1-0"]
[WhiteElo "2122"]
[BlackElo "2053"]

1.d4 Nf6 2.Bg5 g6 3.Bxf6 exf6 4.g3 Bg7 5.Bg2 O-O 6.c4 d6 7.e3 f5 8.Nc3 Nd7
9.Nge2 Re8 10.O-O Nf6 11.Qc2 c6 12.b4 Qc7 13.Rac1 Bd7 14.Rfd1 Rac8 15.Qb1 b6
16.b5 Qb8 17.Nf4 c5 18.dxc5 Rxc5 19.Ncd5 Be6 20.Nxe6 Rxe6 21.Nb4 Rc8 22.Na6  1-0

[Event "57th ch-Montenegro"]
[Site "Cetinje SCG"]
[Date "2005.07.13"]
[Round "6"]
[White "Abramovic,D"]
[Black "Draganic,V"]
[Result "1-0"]
[WhiteElo "2136"]
[BlackElo "2311"]

1.d4 Nf6 2.Bg5 c5 3.Bxf6 gxf6 4.d5 Qb6 5.Qc1 Bg7 6.g3 f5 7.c3 h5 8.Bg2 h4
9.Nh3 hxg3 10.hxg3 d6 11.Nd2 Nd7 12.Qc2 Ne5 13.O-O-O Bd7 14.Nf3 O-O-O 15.Nhg5 Bf6
16.e3 Nxf3 17.Nxf3 Kb8 18.Nh4 Bxh4 19.gxh4 Qa6 20.b3 c4 21.Kb2 cxb3 22.axb3 Rc8
23.Rd4 e5 24.dxe6 fxe6 25.Ra1 Qb6 26.Qd2 d5 27.Bf3 Rh7 28.h5 Bb5 29.Rb4 a5
30.Qd4 Rc5 31.Rxa5 Qc6 32.c4 b6 33.Raxb5  1-0

[Event "16th Open"]
[Site "Ljubljana SLO"]
[Date "2005.07.15"]
[Round "9"]
[White "Spelec,D"]
[Black "Jankovic,A"]
[Result "0-1"]
[WhiteElo "2066"]
[BlackElo "2475"]

1.d4 Nf6 2.Bg5 d5 3.Nc3 Nbd7 4.Qd2 e6 5.Nf3 Be7 6.e3 c5 7.Bb5 O-O 8.Bxd7 Bxd7
9.O-O Rc8 10.Ne5 Be8 11.f4 h6 12.Bxf6 Bxf6 13.Ne2 Be7 14.Ng3 f6 15.Nf3 g6
16.c3 f5 17.Ne5 Bf6 18.Rf2 g5 19.Qe2 g4 20.h3 h5 21.hxg4 hxg4 22.Nxg4 Bh4
23.Nh1 Bxf2+ 24.Ngxf2 Qh4 25.Nh3 Rf6 26.Qf2 Qxf2+ 27.Kxf2 Rh6 28.Ng5 Kg7
29.Kg3 Kf6 30.Nf2 Bb5 31.Nfh3 Be2 32.Re1 Bc4 33.a3 Rg6 34.Ng1 Rh6 35.N1f3 Bb5
36.Ne5 Rch8 37.Nef3 Rh1 38.Ng1 R8h4 39.N1h3 Rg4+ 40.Kf2 Rh2  0-1

[Event "Open"]
[Site "Ghent BEL"]
[Date "2005.07.17"]
[Round "3"]
[White "Groffen,H"]
[Black "Pedersen,Er"]
[Result "0-1"]
[WhiteElo "2210"]
[BlackElo "2395"]

1.d4 Nf6 2.Bg5 c5 3.Bxf6 gxf6 4.d5 d6 5.e4 Qb6 6.Qc1 Bh6 7.Qxh6 Qxb2 8.Ne2 Qxa1
9.Nc3 Qb2 10.Be2 Bd7 11.O-O Na6 12.Bh5 O-O-O 13.Bxf7 Nc7 14.Qe3 Nb5 15.Nxb5 Bxb5
16.Be6+ Kb8 17.Rc1 Qd4 18.Qe1 Bd7 19.c3 Qe5 20.Qe3 Bxe6 21.f4 Qh5 22.dxe6 Qg4
23.f5 Rdg8  0-1

[Event "LXVIII ch-CRC"]
[Site "San Jose Julio CRC"]
[Date "2005.07.17"]
[Round "12"]
[White "Hernandez Basante,F"]
[Black "Leandro,J"]
[Result "1-0"]
[WhiteElo "2265"]
[BlackElo "2133"]

1.d4 Nf6 2.Bg5 c5 3.d5 Ne4 4.Bf4 e6 5.dxe6 fxe6 6.f3 Nf6 7.e4 Nh5 8.Be3 d5
9.f4 Nf6 10.e5 Ng8 11.Bd3 Ne7 12.Bxc5 Nbc6 13.Bf2 a6 14.Nf3 Bd7 15.O-O b5
16.c3 Rc8 17.Ng5 g6 18.Qg4 Bh6 19.Nxe6 Bxe6 20.Qxe6 Bxf4 21.Bc5 Qd7 22.Qxd7+ Kxd7
23.Rxf4 Nxe5 24.Bxe7 Nxd3 25.Rd4 Ne1 26.Na3  1-0

[Event "Politiken Cup"]
[Site "Copenhagen DEN"]
[Date "2005.07.19"]
[Round "5"]
[White "Schultz Pedersen,J"]
[Black "Bleis,C"]
[Result "0-1"]
[WhiteElo "2157"]
[BlackElo "2271"]

1.d4 Nf6 2.Bg5 d5 3.Bxf6 exf6 4.e3 c6 5.Nd2 Bd6 6.c4 O-O 7.cxd5 cxd5 8.Bd3 Nc6
9.Ne2 Be6 10.a3 Rc8 11.Qb1 g6 12.h4 f5 13.h5 Qf6 14.g3 g5 15.h6 Kh8 16.Nf3 a6
17.Rh5 Rg8 18.Kd2 b5 19.Qh1 Na5 20.Rb1 Nb3+ 21.Ke1 Qe7 22.Nd2 Na5 23.Nc3 Qb7
24.Qf3 f4 25.exf4 gxf4 26.Bf5 Qe7 27.Kf1 Qf6 28.Nxd5 Qxd4 29.Nxf4 Bxf5 30.Rxf5 Qxd2
31.Rd5 Qc2 32.Nd3 Qxb1+ 33.Kg2 Rg6 34.Qf5 Qc2 35.Rxd6 Rxd6 36.Qe5+ f6 37.Qe7  0-1

[Event "Politiken Cup"]
[Site "Copenhagen DEN"]
[Date "2005.07.19"]
[Round "5"]
[White "Marder,S"]
[Black "Gvein,K"]
[Result "1/2-1/2"]
[WhiteElo "2043"]
[BlackElo "2135"]

1.d4 Nf6 2.Bg5 d5 3.Nc3 c6 4.f3 Qa5 5.e3 Nbd7 6.Bd3 g6 7.f4 Bg7 8.Nf3 c5
9.O-O c4 10.Be2 b5 11.a3 Bb7 12.Ne5 Rd8 13.Kh1 Ne4 14.Nxe4 dxe4 15.a4 Nxe5
16.axb5 Qxb5 17.fxe5 Bxe5 18.b3 Bd6 19.Bh6 Bd5 20.Rxa7 Qb6 21.bxc4 Qxa7 22.cxd5 Qb8
23.h3 Qb4 24.c4 Bc7 25.Bg7 Rg8 26.Be5 Bd6 27.Qc2 f5 28.Rb1 Qa3 29.Rb3 Qa1+
30.Rb1 Qa3 31.Rb3 Qa1+ 32.Qb1 Qxb1+ 33.Rxb1 Rc8 34.Rb7 h5 35.Kh2 h4 36.Ra7 Kd8
37.Rb7 g5 38.Bxd6 exd6 39.Rf7 g4 40.Rxf5 g3+ 41.Kg1 Rb8 42.Bd1 Rb1 43.Rf1 Ke7
44.Bc2 Rxf1+ 45.Kxf1 Kf6 46.Ke2 Kf5 47.Kd2  1/2-1/2

[Event "WYb18"]
[Site "Belfort FRA"]
[Date "2005.07.20"]
[Round "2"]
[White "Safarli,E"]
[Black "Bluvshtein,M"]
[Result "0-1"]
[WhiteElo "2335"]
[BlackElo "2525"]

1.d4 Nf6 2.Bg5 d5 3.Bxf6 exf6 4.e3 Bd6 5.g3 f5 6.Bg2 O-O 7.Nd2 c6 8.Ne2 Nd7
9.O-O Nf6 10.c4 Be6 11.Rc1 dxc4 12.Nxc4 Bc7 13.Qd3 Qd7 14.Rfd1 Rad8 15.b4 Bd5
16.Bxd5 Nxd5 17.Rb1 h5 18.Nc3 h4 19.Nd2 f4 20.exf4 Nxc3 21.Qxc3 Qxd4 22.Qxd4 Rxd4
23.Nf3 Rxd1+ 24.Rxd1 Rd8 25.Rxd8+ Bxd8 26.Ne1 f5 27.Kf1 Kf7 28.Ke2 Ke6 29.Kd3 Bb6
30.Nf3 hxg3 31.fxg3 a5 32.a3 axb4 33.axb4 g6 34.Kc4 Bd8 35.Nd4+ Ke7 36.b5 cxb5+
37.Nxb5 Bb6 38.Nd4 Bxd4 39.Kxd4 Kd6 40.h3 b5 41.g4 g5 42.fxg5 f4 43.h4 f3
44.Ke3 b4 45.h5 Ke7 46.g6 b3  0-1

[Event "WYb16"]
[Site "Belfort FRA"]
[Date "2005.07.20"]
[Round "2"]
[White "Nguyen Ngoc Truongson"]
[Black "Caspi,I"]
[Result "1-0"]
[WhiteElo "2554"]
[BlackElo "2241"]

1.d4 Nf6 2.Bg5 c5 3.d5 g6 4.Nc3 Bg7 5.e4 h6 6.Bf4 d6 7.Nf3 O-O 8.Be2 Bg4
9.Nd2 Bxe2 10.Qxe2 Na6 11.O-O Nc7 12.Qd3 Nd7 13.a4 Ne5 14.Qe3 g5 15.Bxe5 Bxe5
16.Nc4 Bxc3 17.Qxc3 e6 18.Ne3 Qe7 19.Rae1 Kh7 20.Qd3 e5 21.Nf5 Qf6 22.Re3 Rh8
23.Rh3 Kg6 24.Rg3 Kh7 25.Rd1 Rag8 26.Qe2 Rg6 27.Rc3 Qd8 28.Qh5 Ne8 29.Qe2 Ng7
30.Nxg7 Rxg7 31.Qg4 Qc8 32.Qf3 Rf8 33.Qf6 Rg6 34.Qe7 Qe8 35.Qxe8 Rxe8 36.b4 b6
37.bxc5 dxc5 38.a5 Rd6 39.Rb3 Kg6 40.axb6 axb6 41.Rdb1 Ra8 42.Rxb6 Rxb6 43.Rxb6+ f6
44.h4 Ra2 45.h5+ Kxh5 46.Rxf6 Rxc2 47.Kh2 c4 48.Kh3 Rc3+ 49.f3 g4+ 50.Kg3 gxf3
51.gxf3 Rd3 52.Rf5+ Kg6 53.Rxe5 c3 54.Re6+ Kg5 55.Re5+ Kg6 56.Re8 h5 57.Kf4 h4
58.Kg4 h3 59.Kxh3 Rxf3+ 60.Kg4 Rd3 61.Re6+ Kf7 62.Rc6 Ke7 63.Kf5 Rf3+ 64.Ke5 Rd3
65.Rc7+ Kd8 66.d6 Rh3 67.Kd5 Rd3+ 68.Ke6 Rh3 69.e5 Rd3 70.Kf5 Re3 71.e6 Rf3+
72.Ke4  1-0

[Event "Politiken Cup"]
[Site "Copenhagen DEN"]
[Date "2005.07.20"]
[Round "6"]
[White "Brondum,E"]
[Black "Milligan,H"]
[Result "1/2-1/2"]
[WhiteElo "2200"]
[BlackElo "2052"]

1.d4 Nf6 2.Bg5 c5 3.d5 Ne4 4.h4 Qb6 5.Nd2 Nxd2 6.Bxd2 e5 7.Bc3 d6 8.e4 Na6
9.Qd2 Be7 10.f4 f6 11.f5 Qc7 12.Be2 c4 13.Bh5+ Kf8 14.Nh3 Nc5 15.Nf2 Bd7
16.O-O Be8 17.Qe2 b5 18.Bd2 Bd8 19.Bxe8 Kxe8 20.b3 Qd7 21.bxc4 bxc4 22.Qxc4 Bb6
23.Kh2 Rc8 24.a4  1/2-1/2

[Event "ACT Open"]
[Site "Amsterdam NED"]
[Date "2005.07.21"]
[Round "6"]
[White "Hansen,Kay"]
[Black "Van Gool,H"]
[Result "1/2-1/2"]
[WhiteElo "2205"]
[BlackElo "2242"]

1.d4 Nf6 2.Bg5 d5 3.e3 Nbd7 4.Nf3 h6 5.Bh4 g5 6.Bg3 Ne4 7.Nbd2 Nxg3 8.hxg3 Bg7
9.Bd3 c5 10.c3 Qb6 11.Qc2 cxd4 12.cxd4 g4 13.Nh2 e5 14.Nxg4 exd4 15.O-O Nc5
16.Rfe1 Be6 17.Ne5 O-O 18.exd4 Ne4 19.Nxe4 dxe4 20.Rxe4 Rac8 21.Qe2 Rfd8
22.Rd1 Bxa2 23.Bc4 Bxc4 24.Nxc4 Qb5 25.Ne5 Qxe2 26.Rxe2 Bxe5 27.Rxe5 Rc2
28.Rb5 b6 29.Rb4 Rd5 30.f3 Kg7 31.Ra1 a5 32.Rxb6  1/2-1/2

[Event "Open A"]
[Site "Pardubice CZE"]
[Date "2005.07.22"]
[Round "1"]
[White "Pokorny,P"]
[Black "Lechtynsky,J"]
[Result "0-1"]
[WhiteElo "2251"]
[BlackElo "2442"]

1.d4 Nf6 2.Bg5 c5 3.Nc3 Qa5 4.Bxf6 gxf6 5.e3 cxd4 6.Qxd4 Nc6 7.Qd5 Qxd5 8.Nxd5 Kd8
9.Ne2 f5 10.O-O-O e6 11.Ndc3 a6 12.g3 Kc7 13.Bg2 d5 14.a4 Bg7 15.h4 Rd8 16.Rd2 Rb8
17.Bxd5 exd5 18.Nxd5+ Kd7 19.Nf6+ Ke7 20.Rxd8 Nxd8 21.Nxh7 f6 22.Nf4 Be6
23.h5 Bh6 24.Ng6+ Kf7 25.Rd1 Nc6 26.Rd6 Rd8 27.Rxd8 Nxd8 28.Kd2 Nc6  0-1

[Event "ACT Open"]
[Site "Amsterdam NED"]
[Date "2005.07.23"]
[Round "8"]
[White "Buckley,Si"]
[Black "Janssen,Ru"]
[Result "0-1"]
[WhiteElo "2333"]
[BlackElo "2501"]

1.d4 Nf6 2.Bg5 c5 3.d5 Ne4 4.h4 g6 5.Nd2 Nxg5 6.hxg5 Bg7 7.c3 d6 8.e3 Na6
9.a4 Nc7 10.Nc4 b6 11.Qd2 Rb8 12.Be2 a6 13.a5 b5 14.Nb6 O-O 15.Nf3 e6 16.dxe6 Bxe6
17.e4 d5 18.e5 Bg4 19.O-O-O Re8 20.Rh4 Bxf3 21.gxf3 Rxe5 22.f4 Re8 23.f5 Rxe2  0-1

[Event "WYb16"]
[Site "Belfort FRA"]
[Date "2005.07.24"]
[Round "6"]
[White "Nguyen Ngoc Truongson"]
[Black "Lemos,D"]
[Result "1-0"]
[WhiteElo "2554"]
[BlackElo "2284"]

1.d4 Nf6 2.Bg5 g6 3.Bxf6 exf6 4.g3 Bg7 5.Bg2 d5 6.e3 O-O 7.Ne2 c6 8.Nd2 Nd7
9.O-O f5 10.a4 Re8 11.c4 dxc4 12.Nxc4 Nb6 13.b3 Be6 14.Rc1 Bd5 15.Nf4 Bxg2
16.Kxg2 Bf8 17.Qf3 Bd6 18.Nd3 Qe7 19.h4 h5 20.Nxd6 Qxd6 21.a5 Nd7 22.a6 bxa6
23.Ra1 Rab8 24.Rxa6 Rxb3 25.Ne5 Rxe5 26.dxe5 Qxe5 27.Rxc6 Rb2 28.Kg1 Nf6
29.Qd1 Rxf2 30.Rxf2 Qxg3+ 31.Rg2 Qxe3+ 32.Kf1 Ng4 33.Qd5 Kg7 34.Rc8 Qf4+
35.Kg1 Ne3 36.Rg8+ Kh6 37.Rh8+ Kg7 38.Rh7+ Kxh7 39.Qxf7+ Kh8 40.Qf6+  1-0

[Event "WYg18"]
[Site "Belfort FRA"]
[Date "2005.07.25"]
[Round "7"]
[White "Brekke,J"]
[Black "Schneider,Ve"]
[Result "0-1"]
[WhiteElo "1945"]
[BlackElo "2215"]

1.d4 Nf6 2.Bg5 d5 3.Bxf6 exf6 4.e3 Bd6 5.c4 c6 6.Nc3 dxc4 7.Bxc4 f5 8.a3 Nd7
9.g3 Nf6 10.Nge2 Qe7 11.Nf4 Ne4 12.Qc2 a5 13.O-O h5 14.Bd3 g5 15.Nfe2 Nxc3
16.Nxc3 Qe6 17.e4 f4 18.e5 Be7 19.Be4 Bd7 20.Rfe1 fxg3 21.fxg3 h4 22.Rf1 hxg3
23.hxg3 Qg4 24.Qf2 O-O-O 25.Qf3 Qh3 26.Rf2 Be6 27.Rd1 g4 28.Qd3 Bc5 29.Ne2 Bd5
30.Bxd5 Rxd5 31.Qe4 Rxe5 32.Qg2 Rd5 33.Rxf7 Bb6 34.Rdf1 Rxd4 35.Rf8+ Rd8+
36.R8f2 Bxf2+ 37.Rxf2 Rd1+ 38.Rf1 Qxg2+ 39.Kxg2 Rd2  0-1

[Event "Open A"]
[Site "Pardubice CZE"]
[Date "2005.07.28"]
[Round "7"]
[White "Doric,D"]
[Black "Zhigalko,S"]
[Result "1/2-1/2"]
[WhiteElo "2382"]
[BlackElo "2485"]

1.d4 Nf6 2.Bg5 d5 3.Bxf6 exf6 4.e3 Bd6 5.g3 O-O 6.Bg2 c6 7.Nd2 f5 8.Ne2 Nd7
9.O-O Nf6 10.c4 Be6 11.c5 Bc7 12.Nf4 Bd7 13.Nd3 Re8 14.Re1 g6 15.f4 Ne4 16.Nxe4 fxe4
17.Nf2 Qc8 18.b4 a5 19.a3 b5 20.cxb6 Bxb6 21.Qb3 Bc7 22.Bf1 axb4 23.axb4 Qb7
24.Rab1 Reb8 25.Rb2 Bd6 26.Reb1 Qc8 27.Qc2 Rb6 28.Nd1 Rab8 29.Nc3 Rxb4 30.Rxb4 Rxb4
31.Rxb4 Bxb4 32.Na4 Bg4 33.Qb2 Bd6 34.Nc5 Qc7 35.h3 Bc8 36.g4 Qa7 37.Qc2 Qa5
38.Kf2 Bxc5 39.dxc5 Qb4 40.Be2 Be6 41.h4 Kg7 42.g5 h6 43.Qc1 h5 44.Qa1+ Kh7
45.Qf6 Qxc5 46.f5 Bxf5 47.Qxf7+ Kh8 48.Bxh5 Qd6 49.Be2 Qh2+ 50.Ke1 Qxh4+
51.Kd2 Qh7 52.Qf8+ Qg8 53.Qh6+  1/2-1/2

[Event "International"]
[Site "Guelph CAN"]
[Date "2005.07.29"]
[Round "4"]
[White "Burnett,R"]
[Black "Hamilton,R"]
[Result "1-0"]
[WhiteElo "2433"]
[BlackElo "2341"]

1.d4 Nf6 2.Bg5 g6 3.Bxf6 exf6 4.e3 Bg7 5.g3 O-O 6.Bg2 d5 7.Ne2 c6 8.Nd2 f5
9.O-O Nd7 10.c4 dxc4 11.Nxc4 Nf6 12.b4 Be6 13.Na5 Qe7 14.a3 Bd5 15.Bxd5 Nxd5
16.Rc1 Nxe3 17.fxe3 Qxe3+ 18.Rf2 Qe7 19.Rc3 Rad8 20.Rd3 Rd7 21.Nf4 Qd8 22.d5 c5
23.d6 cxb4 24.axb4 Qb6 25.Nd5 Qb5 26.Qb3 Re8 27.Ne7+ Kf8 28.Nc4 Rdd8 29.Rd5 Qd7
30.Re2 f4 31.Qf3 Qa4 32.Qxf4 Qxb4 33.Kg2 f6 34.Rf2 g5  1-0

[Event "92nd ch-GBR"]
[Site "Douglas IOM"]
[Date "2005.08.02"]
[Round "2"]
[White "Ward,C"]
[Black "Humphreys,Je"]
[Result "1-0"]
[WhiteElo "2485"]
[BlackElo "2115"]

1.d4 Nf6 2.Bg5 d5 3.Nd2 e6 4.e3 Be7 5.Bd3 b6 6.f4 Bb7 7.Qf3 Nbd7 8.Nh3 c5
9.c3 O-O 10.Nf2 Re8 11.g4 Rc8 12.Bxf6 Bxf6 13.g5 Be7 14.Ng4 f5 15.gxf6 Bxf6
16.O-O-O Nf8 17.Rhg1 Kh8 18.Ne5 Bxe5 19.fxe5 Re7 20.Rdf1 Qe8 21.Rg4 Kg8 22.Rf4 g6
23.Qh3 Qc6 24.Nf3 b5 25.Ng5 cxd4 26.Qh6 Rg7 27.Rf7  1-0

[Event "15th ETC Women"]
[Site "Gothenburg SWE"]
[Date "2005.08.02"]
[Round "4"]
[White "Kaps,D"]
[Black "Igla,B"]
[Result "0-1"]
[WhiteElo "2319"]
[BlackElo "2299"]

1.d4 Nf6 2.Bg5 g6 3.Nc3 d5 4.Qd2 Bg7 5.f3 b6 6.e4 dxe4 7.fxe4 O-O 8.Nf3 Bb7
9.Bd3 Nc6 10.e5 Nxd4 11.Nxd4 Qxd4 12.exf6 exf6 13.Bf4 Bxg2 14.O-O-O Bxh1
15.Rxh1 f5 16.h4 c6 17.h5 b5 18.Qh2 Rfd8 19.hxg6 hxg6 20.Qh7+ Kf8 21.Bh6 Bxh6+
22.Qxh6+ Qg7 23.Qf4 Rd4 24.Qf3 Rc8 25.Ne2 Rd6 26.Nf4 Rcd8 27.Nh3 Qf6 28.Qg3 Kg7
29.Ng5 Kg8 30.Qh4 Rd4 31.Qh6 Qg7 32.Qh2 Qf6 33.Qh6 R8d7 34.Re1 Rd8 35.Rh1 a6
36.a3 Re8 37.Qh7+ Kf8 38.Qh6+ Ke7 39.Re1+ Kd7 40.Rxe8 Kxe8 41.Nh7 Qe7 42.Kb1 Rh4
43.Qg7 Kd8 44.Nf6 Rh1+ 45.Ka2 Kc7 46.Ng8 Qe6+ 47.c4 bxc4 48.Bc2 c3+ 49.b3 Qe1
50.b4 Qe6+  0-1

[Event "Open Dutch Championship"]
[Site "Dieren NED"]
[Date "2005.08.03"]
[Round "8"]
[White "Van der Werf,M"]
[Black "Markus,J"]
[Result "1-0"]
[WhiteElo "2397"]
[BlackElo "2227"]

1.d4 d5 2.Bg5 Nf6 3.e3 c6 4.Bd3 Nbd7 5.f4 h6 6.Bh4 g5 7.Bg3 Qb6 8.Nc3 e6
9.Nge2 c5 10.Bb5 a6 11.Bxd7+ Bxd7 12.O-O Ng4 13.Qd2 f5 14.Rad1 O-O-O 15.a3 Bg7
16.fxg5 hxg5 17.Rxf5 Nxe3 18.Qxe3 cxd4 19.Nxd4 Rh4 20.Re5 Rdh8 21.Nce2 Re4
22.Rxe4 dxe4 23.Qxg5 Rg8 24.Kh1 e3 25.Qxe3  1-0

[Event "15th ETC"]
[Site "Gothenburg SWE"]
[Date "2005.08.03"]
[Round "5"]
[White "Georgiev,Vl"]
[Black "Rozentalis,E"]
[Result "1/2-1/2"]
[WhiteElo "2532"]
[BlackElo "2567"]

1.d4 Nf6 2.Bg5 g6 3.Bxf6 exf6 4.e3 Bg7 5.g3 O-O 6.Bg2 d5 7.Ne2 c6 8.O-O Bg4
9.h3 Bxe2 10.Qxe2 f5 11.c4 dxc4 12.Qxc4 Nd7 13.Nc3 Nb6 14.Qb3 h5 15.h4 f4
16.gxf4 Qxh4 17.a4 Rab8 18.a5 Nd7 19.Ne4 a6 20.Ra4 Nf6 21.Nxf6+ Qxf6 22.Rb4 Qe6
23.Rc1 Qxb3 24.Rxb3 Rfc8 25.Rc4 Bf8 26.d5 Be7 27.dxc6 bxc6 28.Rxc6 Rxb3 29.Rxc8+ Kg7
30.Rc7 Kf8 31.Rc2 Rb5  1/2-1/2

[Event "15th ETC"]
[Site "Gothenburg SWE"]
[Date "2005.08.03"]
[Round "5"]
[White "Lindberg,Bo"]
[Black "Hug,W"]
[Result "1/2-1/2"]
[WhiteElo "2359"]
[BlackElo "2445"]

1.d4 Nf6 2.Bg5 d5 3.e3 c6 4.Bxf6 exf6 5.c4 dxc4 6.Bxc4 Bd6 7.Nc3 O-O 8.Nge2 f5
9.Qc2 Nd7 10.Bd3 g6 11.h4 Nf6 12.h5 Be6 13.hxg6 fxg6 14.f3 Nd5 15.Bc4 Bf7
16.Qb3 Nxe3 17.Bxf7+ Rxf7 18.Rxh7 Qe7 19.Rxf7 Qxf7 20.Qxf7+ Kxf7 21.Kf2 Nc4
22.Rh1 Kg7 23.b3 Nb6 24.Ke3 Rd8 25.a4 a5 26.g4 fxg4 27.fxg4 Rf8 28.Rh3 Bb4
29.Kd3 Re8 30.Rf3 Re7 31.Ne4 Nd5 32.Nf4 Nxf4+ 33.Rxf4 Ba3 34.Rf3 Bb4 35.Rf1 Re8
36.Ng5 Re7 37.Rf3 Ba3 38.Rf1 Bb4 39.Rh1 Bd6 40.Rh7+ Kg8 41.Rxe7 Bxe7 42.Ne4 Kf7
43.Kc4 Ke8 44.Nc5 b6 45.Ne6 Bd6 46.d5 Ke7 47.Nd4 cxd5+ 48.Kxd5 Bc5 49.Ne6 Be3
50.Ke5 Bg1 51.Ng5 Bh2+ 52.Kd5 Bf4 53.Ne4 Be3 54.Ke5 Bc1 55.Nd6 Be3 56.Nc4 Bg1
57.g5 Bh2+ 58.Kd5 Bf4 59.Nxb6 Bxg5 60.Nc4 Bc1 61.Nxa5 g5 62.Nc6+ Kd7 63.b4 Kc7
64.Ne5 Bd2 65.Kc5 Be3+ 66.Kd5 Bd2 67.Kc4 Bf4 68.Ng4 Kb6 69.Nf6 Bd2 70.Nd5+ Kb7
71.Kd3 Be1 72.Ke2 Bg3 73.Kf3 Be1 74.Ke2 Bg3 75.Nf6 Bd6 76.b5 Kb6 77.Ne4 Bf4
78.Nf2 Ka5 79.Nd3 Kxa4 80.b6 Kb5 81.b7 Kc6 82.Nxf4 Kxb7  1/2-1/2

[Event "15th ETC"]
[Site "Gothenburg SWE"]
[Date "2005.08.04"]
[Round "6"]
[White "McShane,L"]
[Black "Hall,Je"]
[Result "1-0"]
[WhiteElo "2625"]
[BlackElo "2487"]

1.d4 Nf6 2.Bg5 c5 3.Bxf6 gxf6 4.d5 Qb6 5.Qc1 f5 6.c4 e5 7.Nc3 Qg6 8.g3 d6
9.Bh3 Nd7 10.Qc2 Nf6 11.Nf3 Ng4 12.Nh4 Qh5 13.Nb5 Kd8 14.f3 Ne3 15.Qc3 Be7
16.f4 Bxh4 17.Qxe3 Be7 18.fxe5 Bg5 19.Qf2 Qxh3 20.Nxd6 Qh5 21.Qxc5 Be7 22.Rd1 Qg6
23.Nxb7+ Bxb7 24.d6 Rc8 25.dxe7+ Ke8 26.Qd4 Kxe7 27.Qd7+ Kf8 28.Qxb7 Rxc4
29.O-O Re4 30.Rf2 Kg7 31.Rd6 Qg4 32.Rf6  1-0

[Event "15th ETC"]
[Site "Gothenburg SWE"]
[Date "2005.08.04"]
[Round "6"]
[White "Georgiev,Vl"]
[Black "Beliavsky,A"]
[Result "1/2-1/2"]
[WhiteElo "2532"]
[BlackElo "2599"]

1.d4 Nf6 2.Bg5 d5 3.Bxf6 gxf6 4.c4 c5 5.cxd5 Qxd5 6.Nf3 cxd4 7.Nc3 Qa5 8.Nxd4 Bd7
9.Qb3 Na6 10.e3 Nc5 11.Qc4 Ne6 12.Nxe6 fxe6 13.Rd1 Bg7 14.Be2 Rd8 15.O-O Kf7
16.Nd5 Rc8 17.b4 Rxc4 18.bxa5 Rc5 19.Bh5+ Kf8 20.Nf4 Bh6 21.Rxd7 Bxf4 22.exf4 Rxh5
23.Rxb7 Rxa5 24.Rc1 Rxa2 25.g3  1/2-1/2

[Event "15th Summer Open"]
[Site "Recklinghausen GER"]
[Date "2005.08.04"]
[Round "4"]
[White "Stoyanov,P"]
[Black "Barskij,A"]
[Result "1-0"]
[WhiteElo "2263"]
[BlackElo "1996"]

1.d4 Nf6 2.Bg5 d5 3.Bxf6 exf6 4.e3 Bd6 5.g3 O-O 6.Bg2 c6 7.Ne2 Re8 8.O-O Nd7
9.Nd2 f5 10.c4 dxc4 11.Nxc4 Bc7 12.Nc3 Nf6 13.Qd3 Be6 14.Rfc1 Qd7 15.Nd2 Rad8
16.b4 g5 17.Nb3 Qd6 18.Nc5 Bc8 19.Rd1 Ng4 20.Ne2 h5 21.Rac1 h4 22.b5 Qh6
23.bxc6 bxc6 24.Na6 Bxa6 25.Qxa6 hxg3 26.hxg3 Qh2+ 27.Kf1 Rxe3 28.Rxc6  1-0

[Event "4th Open"]
[Site "Davos SUI"]
[Date "2005.08.05"]
[Round "7"]
[White "Curien,N"]
[Black "Luchsinger,E"]
[Result "1-0"]
[WhiteElo "2264"]
[BlackElo "2135"]

1.d4 Nf6 2.Bg5 c5 3.d5 Ne4 4.Bf4 e6 5.dxe6 fxe6 6.f3 Nf6 7.e4 Nc6 8.Nc3 a6
9.Qd2 d5 10.exd5 exd5 11.O-O-O d4 12.Qe1+ Be7 13.Bc4 b5 14.Be6 Bxe6 15.Qxe6 Qc8
16.Qxc8+ Rxc8 17.Nce2 O-O 18.Nh3 Nd5 19.Bd2 c4 20.Nef4 Nxf4 21.Bxf4 d3 22.cxd3 Nb4
23.dxc4 Rxc4+ 24.Kb1 Rfxf4 25.Nxf4 Rxf4 26.a3 Nc6 27.Rhe1 Kf8 28.Re6 Rf6
29.Rxf6+ gxf6 30.Rc1 Ne5 31.Rc8+ Kf7 32.Ra8 b4 33.a4 Nd3 34.Rxa6 Ne1 35.Rc6 Bd8
36.Rc4 b3 37.Rc3 Nxg2 38.Rxb3  1-0

[Event "10th Open"]
[Site "Creon FRA"]
[Date "2005.08.06"]
[Round "8"]
[White "Morel,J"]
[Black "Larand,M"]
[Result "0-1"]
[WhiteElo "2040"]
[BlackElo "2090"]

1.d4 Nf6 2.Bg5 c5 3.Bxf6 gxf6 4.dxc5 Qa5+ 5.Nc3 Qxc5 6.e3 Bg7 7.Qd5 Qb4 8.Qb5 Nc6
9.a3 Qg4 10.h3 Qg6 11.O-O-O O-O 12.Nf3 d6 13.g4 a6 14.Qd3 f5 15.Nh4 Ne5 16.Nxg6 Nxd3+
17.Bxd3 fxg6 18.g5 Bxc3 19.bxc3 Be6 20.Kd2 Rac8 21.Rb1 Rc5 22.Rb4 Rfc8 23.c4 Bxc4
24.e4 fxe4 25.Bxe4 Bd5 26.Re1 Bxe4 27.Rexe4 Rxc2+ 28.Kd3 e5 29.Re3 b5 30.a4 R8c3+
31.Ke4 Rxe3+ 32.Kxe3 Rc3+  0-1

[Event "15th ETC"]
[Site "Gothenburg SWE"]
[Date "2005.08.07"]
[Round "9"]
[White "McShane,L"]
[Black "Rozentalis,E"]
[Result "1-0"]
[WhiteElo "2625"]
[BlackElo "2567"]

1.d4 Nf6 2.Bg5 d5 3.e3 c6 4.Nd2 Nbd7 5.Ngf3 h6 6.Bh4 g6 7.Bd3 Bg7 8.Qe2 O-O
9.h3 c5 10.c3 Qb6 11.Rb1 Re8 12.Bg3 Nh7 13.Ne5 Nxe5 14.dxe5 Nf8 15.O-O Bf5
16.Bxf5 gxf5 17.f4 Rad8 18.Nf3 Ng6 19.Qc2 e6 20.Bf2 Qc6 21.Rbd1 f6 22.exf6 Bxf6
23.Kh2 h5 24.Qe2 Kf7 25.Qe1 Rh8 26.Bh4 Nxh4 27.Nxh4 Bxh4 28.Qxh4 Qc7 29.Rd2 Qe7
30.Qf2 h4 31.b3 Qf6 32.Rc1 b6 33.c4 dxc4 34.Rxc4 Rxd2 35.Qxd2 Rd8 36.Qe1 Rg8
37.Rc2 Rg3 38.Rd2 Kg6 39.Re2 Kf7 40.Rd2 Kg6 41.Qe2 Qc3 42.Rd3 Qc1 43.Rd6 Kf6
44.Qh5 Ke7 45.Rd1  1-0

[Event "HZ Open"]
[Site "Vlissingen NED"]
[Date "2005.08.08"]
[Round "3"]
[White "Rogers,I"]
[Black "Halay,T"]
[Result "0-1"]
[WhiteElo "2569"]
[BlackElo "2320"]

1.d4 Nf6 2.Bg5 g6 3.Bxf6 exf6 4.e3 Bg7 5.Nc3 O-O 6.h4 d6 7.h5 c5 8.hxg6 hxg6
9.Bc4 Nc6 10.Nge2 f5 11.Qd2 Rb8 12.O-O-O b5 13.Bxb5 Nb4 14.Bc4 Qb6 15.b3 Ba6
16.Bxa6 Qxa6 17.Kb1 Rfc8 18.Nc1 c4 19.Kb2 d5 20.Rh3 Rb7 21.N1e2 Rcb8 22.Nc1 Qa5
23.Nb1 Bf8 24.Rdh1 cxb3 25.Rh8+ Kg7 26.axb3 Rb6 27.e4 Ra6 28.R1h7+ Kf6 29.e5+ Ke6
30.Ne2 Qa1+ 31.Kc1 Na2+ 32.Kd1 Qxb1+ 33.Nc1 Nxc1 34.Qxc1 Ra1 35.Qxb1 Rxb1+
36.Kd2 Rc8 37.c4 Rxb3 38.c5 Rb2+  0-1